000 00246 a2200097 4500
001 34681
100 _aSAF, M Hasan Safdar
245 _aDecision making : A Multidimensional process
260 _aKarachi
_bRoyal Book Co
_c
090 _c22965
_d22965
942 _aNUST-CAE
_cM
_c14408
999 _c269754
_d269754